Bienvenue au Catalogue en Ligne des Bibliothèques de l'Universite du Burundi

Mise en place d'une application web de gestion des pannes de distribution d'eau et d'électricité (Record no. 53733)

000 -GUIDE
Champ de contrôle de longueur fixe 00941nam a22002177a 4500
003 - IDENTITÉ DU NUMÉRO DE CONTRÔLE
Champ de contrôle BI-BuBU
008 - ÉLÉMENTS DE LONGUEUR FIXE - RENSEIGNEMENTS GÉNÉRAUX
Champ de contrôle de longueur fixe 260408b2025 bd fr|||| 000 0 fre d
037 ## - SOURCE D'ACQUISITION
Source d'acquisition et du numéro d'inventaire Don de l'auteur
039 ## - NIVEAU DE CONTRÔLE BIBLIOGRAPHIQUE ET HISTORIQUE D'ENCODAGE [OBSOLETE]
Date creation 20260408133820.0
Nom catalographe Thacien Mutabazi
040 ## - SOURCE DU CATALOGAGE
Organisme qui a effectué le catalogage original BI-BuBU
Code de la langue utilisée dans le catalogage fre
Organisme qui a effectué la transcription BI-BuBU
Organisme qui a effectué la modification BI-BuBU
041 0# - CODE DE LANGUE
Code de langue du texte/de la piste sonore ou du titre distinct fre
080 ## - INDICE DE LA CLASSIFICATION DÉCIMALE UNIVERSELLE (CDU)
Indice de la Classification décimale universelle 681.3
100 1# - VEDETTE PRINCIPALE - NOM DE PERSONNE
Code de relation aut.
Nom de personne Ndayitazire, Emmanuel
245 10 - MENTION DU TITRE
Titre Mise en place d'une application web de gestion des pannes de distribution d'eau et d'électricité
Reste du titre cas de la REGIDESO
Mention de responsabilité, etc. Emmanuel Ndayitazire
260 ## - PUBLICATION, DIFFUSION, ETC. (ADRESSE BIBLIOGRAPHIQUE)
Lieu de publication, diffusion, etc. Bujumbura
Nom de l'éditeur, diffuseur, etc. Université du Burundi, Faculté des Sciences de l'Ingénieur
Date of publication, distribution, etc 2025
300 ## - DESCRIPTION MATÉRIELLE
Collation XIII-67 f.
Dimensions 30 cm.
502 ## - NOTE DE THÈSE OU MÉMOIRE
Note de thèse Mémoire présenté à la Faculté des Sciences et de l'Ingénieur (FSI) en vue de l'obtention du grade de master en Génie Informatique.
650 #7 - VEDETTE-MATIÈRE - NOM COMMUN
Source du terme BI-BuBU
Vedette de sujet ou vedette comportant un nom géographique Gestion des pannes
Subdivision générale Distribution eau et électricité
Subdivision géographique Application web
655 #7 - TERME D'INDEXATION - GENRE OU FORME
Source du terme BI-BuBU
Données ou terme dominant sur le genre ou la forme Mémoire
942 ## - ÉLÉMENTS D'ENTRÉE ADDITIONNELLE (KOHA)
Source de la classification ou du système de rangement
Type d item koha Memoire
Holdings
Statut de retrait Statut de perte Source de la classification ou du système de rangement Statut de déterioration Exclu du prêt Numéro d item Koha Localisation permanente Localisation actuelle Date d'acquisition Source d'acquisition Nombre de prêts Cote Code-barres Date last seen Numéro d'exemplaire Prix en vigueur à partir du Type d item koha Numero d'inventaire
        Not For Loan 85570 Bibliothèque Centrale Bibliothèque Centrale 08/04/2026 Don de l'auteur   R.681.3 NDA. 5010000483593 08/04/2026 1 08/04/2026 Memoire 242149
© 2019-2026 - Bibliothèques de l'Université du Burundi |Tous droits réservés
home | Pour toute information urgente Contactez nous | tel whatsupp: +25779204313